00269nam a22001097a 4500008004100000020001500041041000800056080000800064100000600072101000800078245007300086180921b xxu||||| |||| 00| 0 eng d a0893520098 aeng a610 a3 aSHM aOvarian Carinoma Etiology Diagnostic And TreatmentcBarber.H.R.K